000
002850000a22000970004500
100
1
_a
Mathews, Ed.
245
1
0
_a
Yahweh and the Gods : A theology fo world religions
300
_a
Vol. 14, Núm 1 (1997), Páginas 27-32
773
0
_t
International Journal of Frontier Misions
942
_c
ANA
999
_c
55215
_d
55215